Welcome to the Holygrace Academy Library

Please use search bar below to get started

COMPREHENSIVE PRACTICAL PHYSICS (Record no. 524)

MARC details
000 -LEADER
fixed length control field 00343nam a22001337a 4500
020 ## - INTERNATIONAL STANDARD BOOK NUMBER
ISBN 978-81-318-0141-3
082 ## - DEWEY DECIMAL CLASSIFICATION NUMBER
Classification number 530
Item number JAI/C
100 ## - MAIN ENTRY--AUTHOR NAME
Personal name J.N.JAISWAL, Dr.RAJENDRA SINGH
245 ## - TITLE STATEMENT
Title COMPREHENSIVE PRACTICAL PHYSICS
Remainder of title CLASS XI
260 ## - PUBLICATION, DISTRIBUTION, ETC. (IMPRINT)
Place of publication DELHI
Name of publisher LAXMI PUBLICATIONS
300 ## - PHYSICAL DESCRIPTION
Number of Pages Z276
650 ## - SUBJECT ADDED ENTRY--TOPICAL TERM
Topical Term PHYSICS FOR CLASS XI
Geographic subdivision INDIA
942 ## - ADDED ENTRY ELEMENTS (KOHA)
Koha item type Books
Holdings
Withdrawn status Lost status Collection code Home library Current library Shelving location Date acquired Source of acquisition Cost, normal purchase price Full call number Accession Number Koha item type
    Reference Main Library Main Library   05/03/2011 purchase 155.00 530 JAI/C 05747 Books
    Reference Main Library Main Library   08/03/2022 purchase 130.00 530 JAI/C 12481 Books
    Reference Main Library Main Library   07/11/2008 purchase 130.00 530 JAI/C 04415 Books